PLD Based Design with VHDL RTL Design, Synthesis and Implementation /

This book covers basic fundamentals of logic design and advanced RTL design concepts using VHDL. The book is organized to describe both simple and complex RTL design scenarios using VHDL. It gives practical information on the issues in ASIC prototyping using FPGAs, design challenges and how to overc...

Πλήρης περιγραφή

Λεπτομέρειες βιβλιογραφικής εγγραφής
Κύριος συγγραφέας: Taraate, Vaibbhav (Συγγραφέας)
Συγγραφή απο Οργανισμό/Αρχή: SpringerLink (Online service)
Μορφή: Ηλεκτρονική πηγή Ηλ. βιβλίο
Γλώσσα:English
Έκδοση: Singapore : Springer Singapore : Imprint: Springer, 2017.
Θέματα:
Διαθέσιμο Online:Full Text via HEAL-Link
LEADER 02801nam a22004695i 4500
001 978-981-10-3296-7
003 DE-He213
005 20170407022225.0
007 cr nn 008mamaa
008 170113s2017 si | s |||| 0|eng d
020 |a 9789811032967  |9 978-981-10-3296-7 
024 7 |a 10.1007/978-981-10-3296-7  |2 doi 
040 |d GrThAP 
050 4 |a TK7888.4 
072 7 |a TJFC  |2 bicssc 
072 7 |a TEC008010  |2 bisacsh 
082 0 4 |a 621.3815  |2 23 
100 1 |a Taraate, Vaibbhav.  |e author. 
245 1 0 |a PLD Based Design with VHDL  |h [electronic resource] :  |b RTL Design, Synthesis and Implementation /  |c by Vaibbhav Taraate. 
264 1 |a Singapore :  |b Springer Singapore :  |b Imprint: Springer,  |c 2017. 
300 |a XXI, 423 p. 246 illus.  |b online resource. 
336 |a text  |b txt  |2 rdacontent 
337 |a computer  |b c  |2 rdamedia 
338 |a online resource  |b cr  |2 rdacarrier 
347 |a text file  |b PDF  |2 rda 
505 0 |a Introduction to HDL -- Basic Logic Circuits and VHDL Description -- VHDL and Key Important Constructs -- 4 Combinational Logic Design Using VHDL Constructs -- Sequential Logic Design -- Introduction to PLD -- Design and simulation using VHDL constructs -- PLD Based Design Guidelines -- Finite State Machines -- Synthesis Optimization using VHDL -- Design Implementation Using Xilinx Vivado. 
520 |a This book covers basic fundamentals of logic design and advanced RTL design concepts using VHDL. The book is organized to describe both simple and complex RTL design scenarios using VHDL. It gives practical information on the issues in ASIC prototyping using FPGAs, design challenges and how to overcome practical issues and concerns. It describes how to write an efficient RTL code using VHDL and how to improve the design performance. The design guidelines by using VHDL are also explained with the practical examples in this book. The book also covers the ALTERA and XILINX FPGA architecture and the design flow for the PLDs. The contents of this book will be useful to students, researchers, and professionals working in hardware design and optimization. The book can also be used as a text for graduate and professional development courses. 
650 0 |a Engineering. 
650 0 |a Microprogramming. 
650 0 |a Electronics. 
650 0 |a Microelectronics. 
650 0 |a Electronic circuits. 
650 1 4 |a Engineering. 
650 2 4 |a Circuits and Systems. 
650 2 4 |a Electronics and Microelectronics, Instrumentation. 
650 2 4 |a Control Structures and Microprogramming. 
710 2 |a SpringerLink (Online service) 
773 0 |t Springer eBooks 
776 0 8 |i Printed edition:  |z 9789811032943 
856 4 0 |u http://dx.doi.org/10.1007/978-981-10-3296-7  |z Full Text via HEAL-Link 
912 |a ZDB-2-ENG 
950 |a Engineering (Springer-11647)